LEADER 01812nam a2200373 a 4500 001 000000124297 003 CaOOAMICUS 005 20110210105011.0 008 110210s2010 it u000 u ita r 020 $a978-88-311-9389-4 040 $aPUL$bita 041 1 $aita$heng 082 04$a220.705 130 00$aAncient Christian Commentary on scripture, Old Testament XIII, Ezekiel, Daniel.$lItaliano.$0(OLS)http://pul/title/156676 245 10$aEzechiele ; Daniele /$ca cura di Kenneth Stevenson e Michael Glerup; edizione italiana a cura di Ilaria Maggiulli ; introduzione generale di Angelo Di Berardino. 260 $aRoma :$bCittà Nuova,$c2010. 300 $a426 p. ;$c26 cm 490 1 $aLa Bibbia commentata dai Padri.$aAntico Testamento ;$v12 504 $aInclude riferimenti bibliografici ed indice. 630 04$aBiblia.$pV.T.$pEzechiel$xCommenti.$0(OLS)http://pul/subject/2178 630 04$aBiblia.$pV.T.$pDaniel$xCommenti.$0(OLS)http://pul/subject/7430 700 1 $aDi Berardino, Angelo,$cO.S.A.,$d1936-$0(OLS)http://pul/name/5303 700 1 $aStevenson, Kenneth.$0(OLS)http://pul/name/71233 700 1 $aGlerup, Michael.$0(OLS)http://pul/name/71234 700 1 $aMaggiulli, Ilaria.$0(OLS)http://pul/name/73832 830 3$aLa Bibbia commentata dai Padri.$pAntico Testamento ;$v12.$0(OLS)http://pul/title/104365 850 $aPUL 852 $aPUL$W1$xSL Religione 3$y85$m220. 705 COLL 1.12$j143095$qDDC 21$B142124$CPULBib$Z2$F142124 $H115626 $82 941 1 $a9 996 $6020$a978-88-311-9389-4$9(OLS)http://pul/number/146320 996 $6082$a220.705$9(OLS)http://pul/classification/633 996 $6245$aEzechiele ; Daniele$9(OLS)http://pul/title/156677 996 $6260$aRoma :$bCittà Nuova$9(OLS)http://pul/publisher/47927 LEADER 01237nam a2200325 a 4500 001 000000124460 003 CaOOAMICUS 005 20180706150028.0 008 110228s2010 it 001 0 ita r 020 $a978-88-8227-316-3 032 $aLibriCat 040 $aPUL$bita 082 04$a265 100 1 $aChauvet, Louis-Marie,$d1942-$0(OLS)http://pul/name/26657 245 12$aL'umanità dei sacramenti /$cLouis-Marie Chauvet. 260 $aMagnano :$bQiqajon,$c©2010. 300 $a345 p. ;$c21 cm 490 1 $aLiturgia e Vita 504 $aBibliografia in nota. 650 4$aSacramenti.$0(OLS)http://pul/subject/763 650 4$aLiturgia.$0(OLS)http://pul/subject/2437 830 0$aLiturgia e Vita (Edizioni Qiqajon).$0(OLS)http://pul/title/208987 850 $aPUL 852 $aPUL$W1$xSL Religione 3$y85$m265 CHALO 1$j143274$qDDC 21$B142312$CPULBib$Z2$F142312 $H115904 $82 941 1 $a9 996 $6020$a978-88-8227-316-3$9(OLS)http://pul/number/146467 996 $6082$a265$9(OLS)http://pul/classification/1760 996 $6245$aL'umanità dei sacramenti$9(OLS)http://pul/title/156884 996 $6260$aMagnano :$bQiqajon$9(OLS)http://pul/publisher/60243